[Event "Usar Tolas 2nd"]
[Site "Lisbon"]
[Date "2004.03.23"]
[Round "1"]
[White "Rodrigues, Jose AA"]
[Black "Brandao Pinho, Joaquim"]
[Result "1-0"]
[WhiteElo "2058"]
[BlackElo "1801"]
[PlyCount "97"]
[EventDate "2004.03.23"]
[EventType "tourn"]
[EventRounds "6"]
[EventCountry "POR"]
[SourceTitle "EXT 2005"]
[Source "ChessBase"]
[SourceDate "2004.11.15"]
[SourceVersion "1"]
[SourceVersionDate "2004.11.15"]
[SourceQuality "1"]

1. d4 d5 2. c4 e6 3. Nc3 Nf6 4. cxd5 exd5 5. Bg5 Be7 6. e3 c6 7. Bd3 Qc7 8. Rc1 Nbd7 9. Nge2 h6 10. Bf4 Bd6 11. 0-0 Bxf4 12. Nxf4 Qb6 13. Rb1 0-0 14. b4 a6 15. a4 Qd8 16. b5 axb5 17. axb5 Ra3 18. Qc1 Qa5 19. Ra1 Rxa1 20. Qxa1 Qxa1 21. Rxa1 Ne8 22. Bc2 Nd6 23. bxc6 bxc6 24. Ba4 Bb7 25. Nfxd5 Ra8 26. Nf4 Nb6 27. Ra2 g5 28. Nd3 Nxa4 29. Rxa4 Nb5 30. Rxa8+ Bxa8 31. Ne4 Kg7 32. Nec5 f5 33. Ne5 Nd6 34. f3 Kf6 35. Ned7+ Ke7 36. Nb6 Bb7 37. e4 fxe4 38. fxe4 Nc8 39. Nc4 Ba8 40. e5 Na7 41. Nb6 Nb5 42. Nxa8 Nxd4 43. Nb6 h5 44. Nc4 g4 45. Kf2 h4 46. Ke3 g3 47. hxg3 Nf5+ 48. Kf4 Nxg3 49. Kg4 1-0

[Event "Portugal Taca 16th"]
[Site "Portugal"]
[Date "2003.??.??"]
[Round "?"]
[White "Ferreira, Joao Guerreiro"]
[Black "Brandao Pinho, Joaquim"]
[Result "0-1"]
[WhiteElo "2270"]
[BlackElo "2285"]
[PlyCount "59"]
[EventDate "2003.??.??"]
[EventType "tourn"]
[EventRounds "7"]
[EventCountry "POR"]
[EventCategory "2"]
[SourceTitle "EXT 2007"]
[Source "ChessBase"]
[SourceDate "2006.11.23"]
[SourceVersion "1"]
[SourceVersionDate "2006.11.23"]
[SourceQuality "1"]

1. e4 c5 2. Nf3 Nc6 3. d4 cxd4 4. Nxd4 Nf6 5. Nc3 Qb6 6. Nb3 e6 7. Be3 Qc7 8. g3 Bb4 9. Bg2 d5 10. 0-0 Bxc3 11. bxc3 0-0 12. exd5 Nxd5 13. Bxd5 exd5 14. Qxd5 Bh3 15. Rfe1 Rad8 16. Qh5 Qc8 17. Nd4 Ne7 18. Ne2 Nd5 19. Bxa7 Bg4 20. Qg5 h6 21. Qc1 Rfe8 22. Be3 Re4 23. Nd4 Qxc3 24. Rb1 Nxe3 25. fxe3 Rde8 26. Kf2 h5 27. Rb3 Qa5 28. Rxb7 h4 29. c3 Qh5 30. Rh1 0-1